00684nam a2200217 a 4500001001000000003000900010005001700019007000300036008004100039020001800080040003000098082001300128245005800141246005600199264005000255300004300305336002700348337003300375338002800408700003000436000009725DO-SdBNP20240314191553.0ta240312s2009 dr 000 p spa d a9789993456612 aDO-SdBNPbspacBNPHUerda bE24422210aEducación ciudadana :btercer grado del nivel medio aEducación ciudadana :b3 er grado del nivel medio aSanto Domingo :bGrupo Editorial Norma,c2009 a102 paginas :bilustraciones ;c28 cm. 2rdacontentatextobtxt 2rdamediaasin mediaciónbn 2rdacarrieravolumenbnc1 aMilton Ray Guevarad1948-